Weird Facts: True or False?! - Statistics

General Stats
  • This quiz has been taken 171 times
  • The average score is 7 of 10
Answer Stats
Question Answer % Correct
the German flag used to be just yellow False
88%
There are more chimpanzees in the world then dogs (900m dogs) False
88%
Honey never expires True
88%
The first playstation ever created was in 1970 False
71%
About 7% of all humans who have ever lived are alive today. True
71%
On mars the temperature can go up to 100°F (38°C) False
59%
Chickens used to be an average 42 Inch (106.6 cm) around 800 years ago False
59%
There is a tree that's bigger than the average walmart True
59%
A day on Venus is longer than a year on Venus. True
53%
The sun is actually white True
53%
No matching quizzes found
Score Distribution
Percent of People with Each Score
Percentile by Number Answered
Your Score History
You have not taken this quiz